| 000 | 00952nas a2200301 4500 | ||
|---|---|---|---|
| 001 | BR0301571 | ||
| 003 | BR-BrBNA | ||
| 005 | 20231205103630.0 | ||
| 007 | ta | ||
| 008 | 230509b bl.|||p| |||| 00| 00por d | ||
| 040 |
_aBR-BrBNA _bpor _cBiblioteca Nacional de Agricultura |
||
| 041 | _a(Pt) | ||
| 072 | _aL73 | ||
| 100 | 1 | _aRufino, S.M. | |
| 100 | 1 | _aFernandes, C.G.N. | |
| 100 | 1 | _aMoura, S.T. de | |
| 100 | 1 | _aGrosz, L.C.B. | |
| 245 | 1 | _aEstudo epidemológico descritivo da giardíase em cães atendidos no hospital veterinário da Universidade de Cuiabá, Estado do Mato Grosso | |
| 650 | _aCÃO | ||
| 650 | _aGIARDÍASE | ||
| 650 | _aDOENÇA ANIMAL | ||
| 650 | _aEPIDEMIOLOGIA | ||
| 650 | _aZOONOSE | ||
| 650 | _aMATO GROSSO | ||
| 773 | 0 |
_tRevista Brasileira de Medicina Veterinária (Brazil) _xISSN 0100-2430 _g(Sep-Oct 2002), v. 24(5) p. 198-202 _wBR0301571 |
|
| 909 |
_a202311 _bLúcia _c55 _dLúcia Elande |
||
| 942 |
_2AGRIS _n0 _cANA |
||
| 999 |
_c173920 _d173920 |
||